000 00956cab a2200265 4500
001 ABS55782
008 090401t1996 xxu||||| |||| 00| 0 eng d
035 _a(Sirsi) u18771
041 _aeng
100 _aPowell, K.
245 _aNew trends in nursing home market
260 _c1996
350 _a0
490 _aProperty Finance & Development
_vAugust 1996, 4-7(4)
520 _aAs the number of elderly people in Britain increases, demand for healthcare services is rising sharply. This article focuses on the nursing homes market and considers why operators are moving towards the sale and leaseback structure as a means to finance growth.
650 _aELDERLY PEOPLE
650 _aHEALTHCARE SECTOR
650 _aNURSING HOMES
650 _aRESIDENTIAL CARE HOMES
650 _aRESIDENTIAL HOMES
690 _aPROPERTY-COMMERCIAL PROPERTY-COMMERCIAL PROPERTY MARKET
700 _aMurdoch, G.
942 _n0
948 _c04/03/1997
999 _c12494
_d12494